| 000 | 10874nas1a22010811 4500 | ||
|---|---|---|---|
| 001 | RU\NLR\INFOCOMM17\1000408304 | ||
| 005 | 20250807185544.0 | ||
| 035 | _a(NLR Aleph) 002537346 | ||
| 090 |
_a917 _c917 |
||
| 100 | _a20250807 rusy50 | ||
| 101 | 0 | _arus | |
| 102 | _aRU | ||
| 110 | _azyu||||0|y0 | ||
| 200 | 1 |
_aМатериалы по геологии Западной Сибири _fЗап.-Сиб. геол. упр. |
|
| 207 | 1 | _aВып.1-65 | |
| 210 |
_aТомск _cЗап.-Сиб. геол. упр. _d1933-1965 |
||
| 430 | 1 | _12001#$aМатериалы по геологии Западно-Сибирского края | |
| 712 | 0 | 2 |
_aЗападно-Сибирский геологический трест _cТомск _4570 |
| 712 | 0 | 2 |
_aЗападно-Сибирское гелогическое управление _3RU\NLR\AUTH\889966390 _4570 |
| 801 | 1 |
_aRU _bInfoComm _c20040421 |
|
| 801 | 0 |
_aRU _bNLR _gPSBO |
|
| 852 |
_aNLR _j33-19/427 |
||
| 852 |
_aNLR _bГн02 _jВ-8/7 |
||
| 852 |
_aNLR _jП7/329 |
||
| 942 | _cSE | ||
| 945 | _aРоссийская национальная библиотека | ||
| 980 | _aNB | ||
| 980 | _aBV | ||
| 980 | _aRUSPER | ||